000 02001nam a2200193Ii 4500
008 221202s xx 000 0 und d
245 0 _aCivic Life Online
246 _aLearning How Digital Media Can Engage Youth
264 1 _aCambridge
_bThe MIT Press
_c2007
300 _a1 online resource (216 pages)
336 _atext
_btxt
_2rdacontent
337 _acomputer
_bc
_2rdamedia
338 _aonline resource
_bcr
_2rdacarrier
520 _aThe relationship of participation in online communities to civic and political engagement.Young people today have grown up living substantial portions of their lives online, seeking entertainment, social relationships, and a place to express themselves. It is clear that participation in online communities is important for many young people, but less clear how this translates into civic or political engagement. This volume examines the relationship of online action and real-world politics. The contributors discuss not only how online networks might inspire conventional political participation but also how creative uses of digital technologies are expanding the boundaries of politics and public issues. Do protests in gaming communities, music file sharing, or fan petitioning of music companies constitute political behavior? Do the communication skills and patterns of action developed in these online activities transfer to such offline realms as voting and public protests? Civic Life Online describes the many forms of civic life online that could predict a generation's political behavior.ContributorsMarina Umaschi Bers, Stephen Coleman, Jennifer Earl, Kirsten Foot, Peter Levine, Kathryn C. Montgomery, Kate Raynes-Goldie, Howard Rheingold, Allen Schussman, Luke Walker, Michael Xenos
653 _aOnline Communities
700 1 _aBennett, W. Lance
856 _uhttps://docs.google.com/spreadsheets/d/1yKIrdCPDAG_9c22mwoOIO2DOhtj65Wqa/edit?usp=sharing&ouid=106555315294820607512&rtpof=true&sd=true
_yList of Curated E-Books
942 _cE-BOOK
999 _c92332
_d92329